000 00879nam a2200253Ia 4500
003 OSt
005 20220923214505.0
006 a|||||r|||| 00| 0
007 ta
008 220922b |||||||| |||| 00| 0 hin d
024 _a169,989
037 _cTextual
040 _aARTS
_cARTS
_bhin
041 _2hin
_ahin
082 _aO152,3M912x, J9;K1
100 _aशर्मा, विश्वम्भर नाथ
245 0 _aप्रतिशोध
_b कहानी संग्रह
246 _aPratishodha: kahānī sangraha
260 _aआगरा
_b विनोद पुस्तक मन्दिर
_c1959
300 _a210पृ.
_ccm.
650 _aहिन्दी साहित्य
_9156264
942 _hO152,3M912x, J9;K1
_cTEXL
_2CC
999 _c324353
_d324353